[Event "Auckland Anniversary Weekender 2017"]
[Site "Auckland NZL"]
[Date "2017.01.29"]
[Round "5"]
[White "Garbett, Paul A"]
[Black "Hague, Ben"]
[Result "1/2-1/2"]
[WhiteElo "2331"]
[BlackElo "2463"]
[PlyCount "57"]
[EventDate "2017.01.27"]

1. e4 c5 2. Nf3 Nc6 3. Bb5 d6 4. e5 Bd7 5. exd6 e6 6. O-O Bxd6 7. Re1 Nf6 8.
Na3 O-O 9. b3 a6 10. Bxc6 Bxc6 11. Nc4 Bc7 12. Nce5 Be4 13. Bb2 Qd6 14. d3 Bxf3
15. Qxf3 Nd5 16. g3 b5 17. Re2 Rad8 18. a3 Ne7 19. Rae1 Qd5 20. Qxd5 Rxd5 21.
Ra1 Nf5 22. a4 f6 23. Nf3 e5 24. axb5 axb5 25. Ra7 Re8 26. Rb7 Nd6 27. Ra7 Nf5
28. Rb7 Nd6 29. Ra7 1/2-1/2

[Event "Auckland Anniversary Weekender 2017"]
[Site "Auckland NZL"]
[Date "2017.01.29"]
[Round "5"]
[White "Fan, Allen Chi Zhou"]
[Black "Gong, Daniel Hanwen"]
[Result "0-1"]
[WhiteElo "2153"]
[BlackElo "2255"]
[PlyCount "108"]
[EventDate "2017.01.27"]

1. c4 Nf6 2. Nf3 g6 3. b4 Bg7 4. Bb2 O-O 5. d3 a5 6. b5 c6 7. Nbd2 d5 8. bxc6
bxc6 9. e3 Ba6 10. Be2 Nbd7 11. Ne5 Qc7 12. Nxd7 Qxd7 13. Rc1 Rfc8 14. Nb3 dxc4
15. Nc5 Qd5 16. Nxa6 Rxa6 17. Rxc4 Qxg2 18. Bf3 Qg5 19. Qb3 Raa8 20. Qc2 Rab8
21. Bxc6 Rd8 22. Bd4 Nd5 23. Bxd5 Qxd5 24. Rf1 e5 25. Bc3 Qxd3 26. Qxd3 Rxd3
27. Ke2 e4 28. Bxg7 Kxg7 29. Rc2 Ra3 30. Rd1 Ra4 31. f3 exf3+ 32. Kxf3 Rb7 33.
Rd5 Re7 34. Rd3 f5 35. Rdc3 Rae4 36. Rb2 R4e5 37. Rb6 Re4 38. Ra3 Kh6 39. Rb5
R7e5 40. Rb7 g5 41. Rc3 Re6 42. Rb5 R4e5 43. Rb7 Kg6 44. Ra7 g4+ 45. Kf2 Rd6
46. Rcc7 h6 47. Rg7+ Kh5 48. Rh7 Rde6 49. Rhf7 Kg5 50. Ra8 Rxe3 51. Rg8+ Kf4
52. Rgf8 Re2+ 53. Kf1 Re1+ 54. Kg2 R6e2# 0-1

[Event "Auckland Anniversary Weekender 2017"]
[Site "Auckland NZL"]
[Date "2017.01.29"]
[Round "5"]
[White "Duneas, John"]
[Black "Steadman, Michael V R"]
[Result "1/2-1/2"]
[WhiteElo "2183"]
[BlackElo "2328"]
[PlyCount "157"]
[EventDate "2017.01.27"]

1. d4 f5 2. c4 Nf6 3. Nc3 g6 4. e3 Bg7 5. Bd3 d6 6. Nf3 O-O 7. O-O Nc6 8. d5
Nb4 9. a3 Nxd3 10. Qxd3 e5 11. dxe6 Bxe6 12. Rd1 Re8 13. Ng5 Ng4 14. e4 Qc8 15.
exf5 gxf5 16. Bf4 h6 17. Nxe6 Qxe6 18. Nd5 Rac8 19. h3 Ne5 20. Qc2 Ng6 21. Be3
Qe4 22. Qd2 Re6 23. Rac1 c6 24. Nf4 Nxf4 25. Bxf4 Rg6 26. g3 Be5 27. Bxe5 Qxe5
28. Re1 Qf6 29. Qf4 Kf7 30. Rc2 Rgg8 31. Rd2 Rcd8 32. Re3 Rge8 33. Rxe8 Kxe8
34. Qe3+ Kd7 35. Qxa7 Kc7 36. Qe3 Qf7 37. b3 Qf6 38. Kg2 Rd7 39. Re2 d5 40.
cxd5 Rxd5 41. Qf4+ Kb6 42. Re4 Rb5 43. b4 Rd5 44. Qe3+ Kb5 45. Re7 Ka6 46. a4
Qd4 47. b5+ cxb5 48. axb5+ Ka7 49. Qa3+ Kb8 50. Re8+ Kc7 51. Qa5+ Kd6 52. Qa3+
Kc7 53. Qc1+ Kb6 54. Qxh6+ Kxb5 55. Re3 Rc5 56. Rb3+ Ka4 57. Rf3 Qd5 58. Qf4+
Ka5 59. Kh2 b5 60. Ra3+ Kb6 61. Qb8+ Qb7 62. Qd6+ Qc6 63. Qd4 Qd5 64. Qf4 Rc4
65. Qe3+ Qd4 66. Qf3 Rc2 67. Re3 Qc5 68. Re6+ Ka5 69. Re3 b4 70. Kg2 Rc3 71.
Qa8+ Kb5 72. Qb7+ Ka4 73. Re1 Rc2 74. Qa6+ Kb3 75. Rb1+ Kc3 76. Qf6+ Kc4 77.
Qe6+ Kb5 78. Qd7+ Kc4 79. Qe6+ 1/2-1/2

[Event "Auckland Anniversary Weekender 2017"]
[Site "Auckland NZL"]
[Date "2017.01.29"]
[Round "5"]
[White "Zhang, Jasmine Haomo"]
[Black "Picken, Oliver"]
[Result "1-0"]
[WhiteElo "1837"]
[BlackElo "1900"]
[PlyCount "129"]
[EventDate "2017.01.27"]

1. d4 Nf6 2. Bf4 g6 3. Nf3 Bg7 4. e3 O-O 5. h3 d6 6. c3 Nbd7 7. Nbd2 Re8 8. Bh2
e5 9. dxe5 Nxe5 10. Nxe5 dxe5 11. e4 Bd7 12. Bc4 Bc6 13. Qe2 Qe7 14. O-O-O Bh6
15. f3 Rad8 16. g4 Qc5 17. Bg1 Rxd2 18. Rxd2 Bxd2+ 19. Kxd2 Rd8+ 20. Kc1 Qd6
21. Be3 a6 22. Rd1 Qxd1+ 23. Qxd1 Rxd1+ 24. Kxd1 Kf8 25. h4 h5 26. g5 Nd7 27.
Kd2 Ke7 28. Kd3 b5 29. Bb3 Bb7 30. c4 c5 31. a3 Bc6 32. Kc3 bxc4 33. Kxc4 Kd6
34. Kc3 Ke7 35. Bc2 Bb5 36. f4 f6 37. gxf6+ Kxf6 38. f5 Be2 39. Bg5+ Kf7 40.
Bb3+ Kg7 41. Be7 Nf6 42. Bxf6+ Kxf6 43. fxg6 Kxg6 44. Bc4 Bf3 45. Bd3 Kf6 46.
Kc4 Ke6 47. Kxc5 a5 48. Bc4+ Kd7 49. Bd5 a4 50. Bc6+ Ke6 51. Bd5+ Kd7 52. Kb4
Bd1 53. b3 axb3 54. Bxb3 Bf3 55. Bd5 Kc7 56. Kc5 Bd1 57. Bc6 Bc2 58. a4 Bb1 59.
a5 Bd3 60. Bd5 Ba6 61. Bf7 Bb7 62. Bd5 Ba6 63. Bc6 Bd3 64. Kd5 Ba6 65. Be8 1-0

[Event "Auckland Anniversary Weekender 2017"]
[Site "Auckland NZL"]
[Date "2017.01.29"]
[Round "5"]
[White "Li, Xiang Wei William"]
[Black "Lyall, Simon"]
[Result "1/2-1/2"]
[WhiteElo "2120"]
[BlackElo "1797"]
[PlyCount "73"]
[EventDate "2017.01.27"]

1. d4 d5 2. Bg5 Nf6 3. Bxf6 exf6 4. Nf3 c5 5. e3 c4 6. g3 Nd7 7. Bg2 Nb6 8. O-O
Bb4 9. c3 Be7 10. Nbd2 O-O 11. e4 Be6 12. Re1 Re8 13. exd5 Bxd5 14. Nf1 Rc8 15.
Ne3 Be4 16. Nd2 Bxg2 17. Kxg2 Qd7 18. Qf3 g6 19. Re2 f5 20. Rae1 Bg5 21. Kg1
Re7 22. h4 Bxe3 23. Rxe3 Rxe3 24. Rxe3 Qc6 25. Qxc6 Rxc6 26. Re7 Re6 27. Rxb7
Re2 28. Nf3 Rxb2 29. Rxa7 Nd5 30. Ne5 Nxc3 31. Nxc4 Rxa2 32. Rxa2 Nxa2 33. Kf1
Kf8 34. Ke2 Ke7 35. Ne3 Nc3+ 36. Kf3 Ke6 37. Kf4 1/2-1/2

[Event "Auckland Anniversary Weekender 2017"]
[Site "Auckland NZL"]
[Date "2017.01.29"]
[Round "5"]
[White "Chen, Wei Kai"]
[Black "Krstev, Antonio"]
[Result "1/2-1/2"]
[WhiteElo "1734"]
[BlackElo "2060"]
[PlyCount "70"]
[EventDate "2017.01.27"]

1. b3 d5 2. Bb2 c5 3. e3 Nc6 4. Nf3 Bg4 5. Be2 e6 6. Na3 Nf6 7. O-O Bd6 8. c4
a6 9. Nc2 O-O 10. d4 cxd4 11. cxd5 Nxd5 12. Ncxd4 Bxf3 13. Bxf3 Qc7 14. h3 Nce7
15. Rc1 Qa5 16. a3 Rac8 17. Qd3 b5 18. Bg4 Rxc1 19. Rxc1 Bxa3 20. Ra1 b4 21.
Nc2 Qb5 22. Qxb5 axb5 23. Nxa3 bxa3 24. Rxa3 Rc8 25. Ra7 f5 26. Bf3 Rc7 27.
Rxc7 Nxc7 28. Ba3 Ned5 29. Bd6 Kf7 30. Be2 Kf6 31. f3 e5 32. Kf2 Ke6 33. Bc5
Nc3 34. Bd3 e4 35. Bc2 g5 1/2-1/2

[Event "Auckland Anniversary Weekender 2017"]
[Site "Auckland NZL"]
[Date "2017.01.29"]
[Round "5"]
[White "Runcan, Daniel-Ioan"]
[Black "Cooper, Nigel"]
[Result "1-0"]
[WhiteElo "1994"]
[BlackElo "1669"]
[PlyCount "105"]
[EventDate "2017.01.27"]

1. e4 Nc6 2. d4 e5 3. Nf3 exd4 4. Nxd4 Qh4 5. Qd3 Nb4 6. Qe2 Bc5 7. c3 Nc6 8.
g3 Nxd4 9. cxd4 Bb4+ 10. Bd2 Qe7 11. Bg2 Bxd2+ 12. Qxd2 d5 13. e5 c6 14. Nc3
Nh6 15. O-O O-O 16. Nd1 f6 17. f4 Be6 18. Ne3 Qd7 19. Rad1 Rf7 20. Nc2 Bh3 21.
Rde1 Bxg2 22. Kxg2 Re8 23. h3 f5 24. Nb4 Re6 25. Nd3 b6 26. Rc1 Rf8 27. Rc3 Rc8
28. b4 Nf7 29. Rfc1 Nd8 30. Kh2 Rg6 31. Nf2 h5 32. Qc2 Qe6 33. Qa4 Rc7 34. Qd1
Rh6 35. a4 Qe8 36. Qb3 Qd7 37. Qd1 Qe8 38. Qd3 Qd7 39. Rg1 Qe6 40. Nd1 Qd7 41.
Ne3 g6 42. Rgc1 Rh7 43. Ng2 Re7 44. Nh4 Kg7 45. g4 hxg4 46. hxg4 Rf7 47. gxf5
gxf5 48. Qh3 Qe6 49. Rg1+ Kf8 50. Rg6 Qd7 51. Rcg3 Ne6 52. Rg8+ Ke7 53. Ng6#
1-0

[Event "Auckland Anniversary Weekender 2017"]
[Site "Auckland NZL"]
[Date "2017.01.29"]
[Round "5"]
[White "Mukkattu, Philip"]
[Black "Crombie, William R"]
[Result "1-0"]
[WhiteElo "1880"]
[BlackElo "1654"]
[PlyCount "81"]
[EventDate "2017.01.27"]

1. d4 d5 2. c4 Bf5 3. cxd5 Bxb1 4. Rxb1 Qxd5 5. Bf4 e5 6. dxe5 Qxa2 7. Nf3 Bb4+
8. Bd2 Bxd2+ 9. Nxd2 Nc6 10. f4 O-O-O 11. Qc1 Nge7 12. e4 Nd4 13. Bc4 Qa5 14.
O-O Ne2+ 15. Bxe2 Rxd2 16. Qc4 Rhd8 17. Bg4+ Kb8 18. Qxf7 Qb6+ 19. Kh1 Qg6 20.
Qxg6 Nxg6 21. e6 c6 22. g3 Kc7 23. e5 R8d4 24. Rfd1 Rxd1+ 25. Rxd1 Rxd1+ 26.
Bxd1 Kd8 27. Kg2 Ke7 28. Bb3 b5 29. Kf3 c5 30. Bd5 h5 31. Ke4 Nf8 32. f5 Nh7
33. Kf4 a5 34. h4 a4 35. g4 hxg4 36. Kxg4 c4 37. Kh5 Nf6+ 38. exf6+ Kxf6 39.
Bc6 c3 40. bxc3 a3 41. Bd5 1-0

[Event "Auckland Anniversary Weekender 2017"]
[Site "Auckland NZL"]
[Date "2017.01.29"]
[Round "5"]
[White "Ha, Huy Minh (Timothy)"]
[Black "Li, Rodney Xiang Rei"]
[Result "0-1"]
[WhiteElo "1778"]
[BlackElo "1556"]
[PlyCount "108"]
[EventDate "2017.01.27"]

1. c4 b6 2. e4 e6 3. Nc3 Bb7 4. d3 d5 5. exd5 exd5 6. d4 Nf6 7. Nf3 dxc4 8.
Qa4+ Nbd7 9. Bxc4 Be7 10. Qb3 O-O 11. Bd2 Bxf3 12. gxf3 c6 13. O-O-O b5 14. Bd3
Nb6 15. Be3 a5 16. h4 a4 17. Qc2 Nbd5 18. Nxd5 Qxd5 19. Kb1 b4 20. Qc4 Qxf3 21.
Rdg1 Qd5 22. Rh2 Qxc4 23. Bxc4 Nd5 24. Rhg2 g6 25. h5 Kg7 26. Bd2 Rab8 27. h6+
Kh8 28. Bxd5 cxd5 29. f3 Bf6 30. Be3 b3 31. Bf4 bxa2+ 32. Kxa2 Rb3 33. Be5 Bxe5
34. dxe5 Rxf3 35. Rg3 Rxg3 36. Rxg3 Rd8 37. Ka3 d4 38. Rd3 Kg8 39. Kxa4 f5 40.
exf6 Kf7 41. b4 Kxf6 42. b5 Ke5 43. b6 Ke4 44. Rd1 d3 45. Kb5 d2 46. Kc6 Ke3
47. Kc7 Rd3 48. b7 Rc3+ 49. Kd7 Rb3 50. Kc7 Ke2 51. Rh1 d1=Q 52. Rxd1 Kxd1 53.
b8=Q Rxb8 54. Kxb8 g5 0-1

[Event "Auckland Anniversary Weekender 2017"]
[Site "Auckland NZL"]
[Date "2017.01.29"]
[Round "5"]
[White "Schurr, Richard"]
[Black "Burrows, Grant L"]
[Result "0-1"]
[WhiteElo "1265"]
[BlackElo "1757"]
[PlyCount "84"]
[EventDate "2017.01.27"]

1. e4 e6 2. d4 d5 3. e5 c5 4. Nf3 cxd4 5. Qxd4 Nc6 6. Bb5 Bd7 7. Bxc6 Bxc6 8.
Nbd2 Ne7 9. b3 Nf5 10. Qf4 h5 11. Bb2 Be7 12. h4 Qc7 13. O-O-O Rc8 14. Rhe1 Bb5
15. c4 dxc4 16. Nxc4 Bxc4 17. bxc4 Qxc4+ 18. Qxc4 Rxc4+ 19. Kb1 Bxh4 20. Nxh4
Nxh4 21. Rc1 Rc6 22. g3 Nf5 23. Rxc6 bxc6 24. Ba3 Kd7 25. Kb2 Rd8 26. Kb3 Kc7
27. Kc3 Rd5 28. Re4 c5 29. Kc4 Rd4+ 30. Rxd4 cxd4 31. Bc5 a6 32. a4 Kc6 33. Ba7
g5 34. Bxd4 Nxd4 35. Kxd4 h4 36. gxh4 gxh4 37. Ke4 Kc5 38. f4 h3 39. Kf3 Kd4
40. f5 Kxe5 41. fxe6 Kxe6 42. Kg3 Kd5 0-1

[Event "Auckland Anniversary Weekender 2017"]
[Site "Auckland NZL"]
[Date "2017.01.29"]
[Round "5"]
[White "Qin, Nicole Shu Yu"]
[Black "Holdo, Karl"]
[Result "1-0"]
[WhiteElo "1557"]
[BlackElo "1741"]
[PlyCount "77"]
[EventDate "2017.01.27"]

1. d4 Nf6 2. c4 e6 3. Nc3 Bb4 4. Qc2 c5 5. Nf3 O-O 6. Bg5 h6 7. Bh4 d5 8. e3
cxd4 9. exd4 Nbd7 10. cxd5 exd5 11. Be2 Re8 12. O-O Bxc3 13. bxc3 Nf8 14. Ne5
g5 15. Bg3 Ne4 16. Bh5 Be6 17. f4 f5 18. Bxe8 Qxe8 19. fxg5 hxg5 20. Qb2 b6 21.
Nd3 Rc8 22. Rac1 Ng6 23. Be5 Nxe5 24. Nxe5 Qh5 25. Nd3 Rf8 26. Nf2 f4 27. Qa3
f3 28. gxf3 Nd2 29. Ng4 Bxg4 30. Qxf8+ Kxf8 31. fxg4+ Qf7 32. Rxf7+ Kxf7 33.
Kg2 b5 34. Rc2 Nc4 35. Rf2+ Kg6 36. Kg3 Nd6 37. Re2 Ne4+ 38. Rxe4 dxe4 39. Kf2
1-0

[Event "Auckland Anniversary Weekender 2017"]
[Site "Auckland NZL"]
[Date "2017.01.29"]
[Round "5"]
[White "Qin, Oscar Shu Xuan"]
[Black "Peak, Stephen"]
[Result "0-1"]
[WhiteElo "1254"]
[BlackElo "1622"]
[PlyCount "90"]
[EventDate "2017.01.27"]

1. e4 e5 2. Nf3 Nc6 3. d4 exd4 4. Nxd4 Nxd4 5. Qxd4 f6 6. Nc3 c6 7. Bc4 b6 8.
Bf4 Bc5 9. Qd3 b5 10. Bb3 d6 11. Qg3 g5 12. Rd1 gxf4 13. Qg7 Qe7 14. Qxh8 Be6
15. Bxe6 Qxe6 16. Qxh7 O-O-O 17. Qh3 Qxh3 18. gxh3 Re8 19. f3 Ne7 20. a3 Kc7
21. b4 Be3 22. Ke2 Rg8 23. Kd3 Rg2 24. Ne2 Ng6 25. Nd4 Ne5+ 26. Kc3 Nc4 27.
Ne6+ Kd7 28. Nc5+ Ke7 29. Nb3 Nxa3 30. Nd4 Bxd4+ 31. Rxd4 Nxc2 32. Rd3 Ne3 33.
Rd2 Rg7 34. Ra1 Ke6 35. Rda2 Rh7 36. Rf2 Rxh3 37. Kd3 Ng4 38. Rff1 Ne5+ 39. Ke2
Rxh2+ 40. Kd1 Rb2 41. Rxa7 Rxb4 42. Ke2 Rb2+ 43. Ke1 Rb1+ 44. Ke2 Rxf1 45. Kxf1
Nxf3 0-1

[Event "Auckland Anniversary Weekender 2017"]
[Site "Auckland NZL"]
[Date "2017.01.29"]
[Round "5"]
[White "Steadman, Mathew"]
[Black "Barry, Jacob"]
[Result "1-0"]
[WhiteElo "1418"]
[BlackElo "1220"]
[PlyCount "61"]
[EventDate "2017.01.27"]

1. b4 e5 2. Bb2 d6 3. c4 Be6 4. Qb3 Nf6 5. e3 Nc6 6. a3 Ne7 7. Nf3 h6 8. Be2 d5
9. d4 e4 10. Ne5 dxc4 11. Bxc4 Ned5 12. Nd2 a6 13. O-O b5 14. Be2 Nxb4 15. Qc3
Nbd5 16. Qc6+ Ke7 17. a4 Rb8 18. axb5 axb5 19. Bxb5 Nd7 20. Ba3+ Ke8 21. Bxf8
Rb6 22. Qc5 Rxf8 23. Bxd7+ Bxd7 24. Qxd5 Rd6 25. Qxe4 Re6 26. Qc2 Bb5 27. Rfc1
f6 28. Qg6+ Ke7 29. Qxg7+ Kd6 30. Ne4+ Kd5 31. Nc3+ 1-0

[Event "Auckland Anniversary Weekender 2017"]
[Site "Auckland NZL"]
[Date "2017.01.29"]
[Round "5"]
[White "Gao, Hugh"]
[Black "McDougall, Euan"]
[Result "0-1"]
[WhiteElo "1121"]
[BlackElo "1586"]
[PlyCount "114"]
[EventDate "2017.01.27"]

1. e4 e5 2. Nf3 Nc6 3. d4 exd4 4. Nxd4 Nxd4 5. Qxd4 Qf6 6. Be3 Bd6 7. Bc4 Be5
8. Qc5 Bxb2 9. Bg5 Qe5 10. Qxe5+ Bxe5 11. c3 d6 12. O-O Be6 13. Bb3 Bf6 14. Be3
a6 15. Bd4 O-O-O 16. Nd2 h5 17. f4 Bxd4+ 18. cxd4 Nf6 19. Bc2 Rhe8 20. f5 Bd7
21. Rfe1 Re7 22. Nf1 Rde8 23. Ne3 Bc6 24. Bb3 Bxe4 25. Rac1 d5 26. Kf2 c6 27.
Rc5 Ng4+ 28. Nxg4 hxg4 29. Kg3 Kd7 30. Re2 Bxf5 31. Rf2 Re3+ 32. Kf4 g6 33. Bd1
f6 34. Bf3 gxf3 35. gxf3 Re1 36. Rc3 Rh8 37. Rb3 Kc7 38. Rfb2 Rh4+ 39. Kg3 Rh3+
40. Kg2 b6 41. Rxb6 Re2+ 42. Rxe2 Kxb6 43. Rb2+ Kc7 44. Rd2 Rh8 45. Re2 Kd7 46.
Rb2 Re8 47. Kf2 Bd3 48. a4 Kd6 49. Rd2 Bc4 50. Rb2 g5 51. Rb7 Re2+ 52. Kg3 Ra2
53. Rf7 Ke6 54. Rc7 Rxa4 55. Rxc6+ Kf5 56. Rc7 Bb5 57. h4 gxh4+ 0-1

[Event "Auckland Anniversary Weekender 2017"]
[Site "Auckland NZL"]
[Date "2017.01.29"]
[Round "5"]
[White "Jacobs, Hilton J"]
[Black "Shinil, Anan"]
[Result "1-0"]
[WhiteElo "1740"]
[BlackElo "1156"]
[PlyCount "59"]
[EventDate "2017.01.27"]

1. g3 g6 2. Bg2 Bg7 3. e3 e6 4. d4 d5 5. b3 b6 6. Nd2 Nd7 7. Ne2 Ne7 8. f4 f5
9. Nf3 Nf6 10. Bb2 Bb7 11. Ng5 Qc8 12. O-O O-O 13. Ba3 Re8 14. Bxe7 Rxe7 15. h3
h6 16. Nf3 Ne4 17. Kh2 Ba6 18. Nh4 Nc3 19. Nxc3 Bxf1 20. Nxg6 Rf7 21. Bxf1 Kh7
22. Qh5 Qe8 23. Nh4 Qd7 24. g4 fxg4 25. Bd3+ Kg8 26. Qg6 Kf8 27. Qh7 Bxd4 28.
Ng6+ Ke8 29. Qg8+ Rf8 30. Qxf8# 1-0

[Event "Auckland Anniversary Weekender 2017"]
[Site "Auckland NZL"]
[Date "2017.01.29"]
[Round "5"]
[White "Ning, Isabelle"]
[Black "Wang, Ying"]
[Result "0-1"]
[WhiteElo "1139"]
[BlackElo "1304"]
[PlyCount "182"]
[EventDate "2017.01.27"]

1. d4 d5 2. c4 dxc4 3. e3 Nf6 4. Bxc4 g6 5. Nf3 Bg7 6. O-O O-O 7. Nc3 b6 8. e4
Bb7 9. e5 Nd5 10. Nxd5 Bxd5 11. Bxd5 Qxd5 12. Be3 Nc6 13. Qd2 Rfd8 14. Rfd1 e6
15. Bh6 Rd7 16. Rac1 Rad8 17. Be3 f6 18. exf6 Bxf6 19. Qc3 Na5 20. b4 Nb7 21.
Qc6 Qxc6 22. Rxc6 Kf7 23. Kf1 Rc8 24. Bg5 Rd5 25. Bxf6 Kxf6 26. Ne5 Nd8 27. Rc3
Kg7 28. Ke2 Nf7 29. Nxf7 Kxf7 30. Rf3+ Rf5 31. Rxf5+ exf5 32. d5 Rd8 33. Ke3
Ke7 34. Kd4 Kd6 35. Kc4 a6 36. b5 a5 37. a4 Re8 38. f3 Re2 39. Rg1 Rd2 40. h3
Rxd5 41. g4 Rc5+ 42. Kb3 Ke6 43. Re1+ Re5 44. Rxe5+ Kxe5 45. gxf5 gxf5 46. Kc4
h5 47. f4+ Kxf4 48. Kd5 Kg3 49. Kc6 f4 50. Kxc7 f3 51. Kxb6 f2 52. Kxa5 f1=Q
53. b6 Qe1+ 54. Ka6 Qb4 55. a5 Kxh3 56. b7 Kg2 57. b8=Q Qc4+ 58. Ka7 Qe2 59.
Kb7 Qb5+ 60. Kc8 Qxa5 61. Qb2+ Kf3 62. Qb3+ Kf4 63. Qc4+ Kg5 64. Qg8+ Kh4 65.
Qc4+ Kg3 66. Qd3+ Kf4 67. Qc4+ Ke3 68. Qb3+ Kd4 69. Qd1+ Kc4 70. Qc2+ Qc3 71.
Qe4+ Kb5+ 72. Kd8 Qh8+ 73. Kc7 Qg7+ 74. Kd8 Qf8+ 75. Kc7 Qf7+ 76. Kd8 Qg8+ 77.
Kc7 Qg4 78. Qd5+ Kb4 79. Qb7+ Kc3 80. Qb5 Qc4+ 81. Qxc4+ Kxc4 82. Kd6 h4 83.
Ke5 h3 84. Kf4 h2 85. Kg3 h1=Q 86. Kf2 Qh3 87. Ke2 Qg3 88. Kd2 Qf3 89. Kc2 Qe2+
90. Kb1 Kc3 91. Ka1 Qb2# 0-1

[Event "Auckland Anniversary Weekender 2017"]
[Site "Auckland NZL"]
[Date "2017.01.29"]
[Round "5"]
[White "Xie, Felix"]
[Black "Wang, Aaron Ziwen"]
[Result "0-1"]
[WhiteElo "1036"]
[BlackElo "1562"]
[PlyCount "130"]
[EventDate "2017.01.27"]

1. e4 c5 2. c3 Nc6 3. d4 cxd4 4. cxd4 d5 5. e5 f6 6. Bb5 Bd7 7. Bxc6 Bxc6 8. f4
e6 9. Nf3 Bb4+ 10. Nc3 Rc8 11. Bd2 fxe5 12. Nxe5 Nf6 13. Nxc6 Rxc6 14. Rc1 Qb6
15. Be3 Qa5 16. Qb3 Ne4 17. Bd2 Qb6 18. a3 Qxd4 19. Rc2 Nc5 20. Qa2 Nd3+ 21.
Ke2 Nf2 22. axb4 Nxh1 23. Be3 Qc4+ 24. Qxc4 Rxc4 25. Rc1 Rxb4 26. Rxh1 Rxb2+
27. Kf3 a6 28. Na4 Rb4 29. Nc5 Kf7 30. Rc1 Rc8 31. Nd3 Rxc1 32. Bxc1 Rb3 33.
Ke2 a5 34. Bd2 Ra3 35. Nc5 b5 36. Nb7 b4 37. Nd6+ Kg6 38. Nb5 Ra2 39. Kd3 b3
40. Kc3 b2 41. Kc2 b1=Q+ 42. Kxb1 Rxd2 43. g3 d4 44. Kc1 Rd3 45. Kc2 Rc3+ 46.
Nxc3 dxc3 47. Kxc3 Kf5 48. Kb3 Kg4 49. Ka4 Kh3 50. Kxa5 Kxh2 51. g4 Kg3 52. f5
exf5 53. gxf5 h5 54. Kb4 h4 55. Kc4 h3 56. Kd5 h2 57. Ke6 h1=Q 58. f6 gxf6 59.
Kxf6 Qd5 60. Ke7 Qc6 61. Kd8 Qb7 62. Ke8 Kf4 63. Kf8 Kf5 64. Kg8 Kf6 65. Kh8
Qg7# 0-1

[Event "Auckland Anniversary Weekender 2017"]
[Site "Auckland NZL"]
[Date "2017.01.29"]
[Round "5"]
[White "Li, Leo Xiang Yu"]
[Black "Welsh, James"]
[Result "1/2-1/2"]
[WhiteElo "1337"]
[BlackElo "1430"]
[PlyCount "54"]
[EventDate "2017.01.27"]

1. e4 e5 2. Nf3 Nc6 3. Bc4 Bc5 4. c3 Nf6 5. d4 exd4 6. cxd4 Bb4+ 7. Bd2 Bxd2+
8. Nbxd2 d6 9. d5 Ne5 10. Qe2 O-O 11. O-O Re8 12. Rac1 Bg4 13. Rfe1 a6 14. Bb3
Qd7 15. Nxe5 dxe5 16. Qc4 Rac8 17. Qb4 c6 18. dxc6 Rxc6 19. Ba4 b5 20. Bb3 Rec8
21. Rxc6 Qxc6 22. f3 Be6 23. Bxe6 Qxe6 24. Rd1 Qxa2 25. Nf1 Qe6 26. Rd6 Qe7 27.
Qa3 h6 1/2-1/2